<?xml version="1.0" encoding="UTF-8"?><?xml-stylesheet type="text/xsl" href="static/style.xsl"?><OAI-PMH xmlns="http://www.openarchives.org/OAI/2.0/" xmlns:xsi="http://www.w3.org/2001/XMLSchema-instance" xsi:schemaLocation="http://www.openarchives.org/OAI/2.0/ http://www.openarchives.org/OAI/2.0/OAI-PMH.xsd"><responseDate>2026-04-14T15:41:28Z</responseDate><request verb="GetRecord" identifier="oai:uvadoc.uva.es:10324/59632" metadataPrefix="marc">https://uvadoc.uva.es/oai/request</request><GetRecord><record><header><identifier>oai:uvadoc.uva.es:10324/59632</identifier><datestamp>2023-05-17T19:01:25Z</datestamp><setSpec>com_10324_38</setSpec><setSpec>col_10324_852</setSpec></header><metadata><record xmlns="http://www.loc.gov/MARC21/slim" xmlns:doc="http://www.lyncode.com/xoai" xmlns:xsi="http://www.w3.org/2001/XMLSchema-instance" xmlns:dcterms="http://purl.org/dc/terms/" xsi:schemaLocation="http://www.loc.gov/MARC21/slim http://www.loc.gov/standards/marcxml/schema/MARC21slim.xsd">
<leader>00925njm 22002777a 4500</leader>
<datafield tag="042" ind1=" " ind2=" ">
<subfield code="a">dc</subfield>
</datafield>
<datafield tag="720" ind1=" " ind2=" ">
<subfield code="a">Santos Maestro, Ángel</subfield>
<subfield code="e">author</subfield>
</datafield>
<datafield tag="260" ind1=" " ind2=" ">
<subfield code="c">2022</subfield>
</datafield>
<datafield tag="520" ind1=" " ind2=" ">
<subfield code="a">El análisis económico del derecho es una disciplina metodológica que busca&#xd;
explicar el derecho aplicando los métodos y herramientas de la teoría económica. En sus&#xd;
orígenes esta disciplina se limitaba al estudio de las ramas jurídicas con contenido&#xd;
económico, pero a partir de los años sesenta del siglo XX su ámbito de aplicación se&#xd;
expande hasta abarcar la totalidad del ordenamiento jurídico, incluido el derecho penal.&#xd;
El análisis económico del derecho penal estudia la decisión individual de delinquir y&#xd;
cómo esta puede verse afectada por los incentivos creados a través del sistema jurídico, así&#xd;
como la eficiencia en la asignación de los recursos en la prevención del delito. A pesar de&#xd;
ser una de las ramas de más reciente aparición dentro del análisis económico del derecho,&#xd;
es una de las que más actividad académica ha generado.</subfield>
</datafield>
<datafield tag="520" ind1=" " ind2=" ">
<subfield code="a">Law and Economics is a methodological discipline that seeks to explain Law by&#xd;
applying the methods and tools of economic theory. Originally, this discipline was limited&#xd;
to the study of legal branches with economic content, but since the 1960s its scope of&#xd;
application has expanded to cover the entire legal system, including Criminal Law.&#xd;
Criminal Law and Economics studies the individual decision to commit a crime and&#xd;
how it can be affected by the incentives created through the legal system, as well as the&#xd;
efficiency in the allocation of resources in crime prevention. Despite being one of the most&#xd;
recent branches of Law and Economics, it is one of the most academically active.</subfield>
</datafield>
<datafield tag="024" ind2=" " ind1="8">
<subfield code="a">https://uvadoc.uva.es/handle/10324/59632</subfield>
</datafield>
<datafield tag="245" ind1="0" ind2="0">
<subfield code="a">Aplicación del análisis económico del derecho al derecho penal</subfield>
</datafield>
</record></metadata></record></GetRecord></OAI-PMH>